Catálogo
 En Linea

Código de procedimiento civil de la República Dominicana y legislación complementaria : (Registro nro. 48958)

Detalles MARC
000 -CABECERA
campo de control de longitud fija 01915nam a2200337 i 4500
003 - IDENTIFICADOR DEL NÚMERO DE CONTROL
campo de control DO-SdBNP
005 - FECHA Y HORA DE LA ÚLTIMA TRANSACCIÓN
campo de control 20240523140511.0
006 - CÓDIGOS DE INFORMACIÓN DE LONGITUD FIJA--CARACTERÍSTICAS DEL MATERIAL ADICIONAL
campo de control de longitud fija a|||||r|||| 001 0
007 - CAMPO FIJO DE DESCRIPCIÓN FÍSICA--INFORMACIÓN GENERAL
campo de control de longitud fija ta
008 - DATOS DE LONGITUD FIJA--INFORMACIÓN GENERAL
campo de control de longitud fija 202010e1999 dr eri||| 001 0 spa d
040 ## - FUENTE DE LA CATALOGACIÓN
Centro catalogador/agencia de origen DO-SdBNP
Lengua de catalogación spa
Centro/agencia transcriptor BNPHU
Normas de descripción rda
082 #4 - NÚMERO DE LA CLASIFICACIÓN DECIMAL DEWEY
Número de clasificación 22
Número de documento/Ítem P861c, 1999.
100 1# - ENTRADA PRINCIPAL--NOMBRE DE PERSONA
Nombre de persona Potentini Adames, Trajano Vidal‏
9 (RLIN) 73577
Término indicativo de función/relación autor
240 ## - TÍTULO UNIFORME
Título uniforme (Leyes, etc)
245 10 - MENCIÓN DE TÍTULO
Título Código de procedimiento civil de la República Dominicana y legislación complementaria :
Resto del título (leyes número: 834, 845, 3726 de casación, 821 de organización judicial, 91 del colegio de abogados, 58-88 y decreto 3347) /
Mención de responsabilidad, etc. Trajano Vidal Potentini
250 ## - MENCIÓN DE EDICIÓN
Mención de edición 2da. edición
Resto de la mención de edición ampliada y actualizada
264 #1 - PRODUCCIÓN, PUBLICACIÓN, DISTRIBUCIÓN, FABRICACIÓN Y COPYRIGHT
Producción, publicación, distribución, fabricación y copyright Moca : República Dominicano :
Nombre del de productor, editor, distribuidor, fabricante Dalis ,
Fecha de producción, publicación, distribución, fabricación o copyright 1999.
300 ## - DESCRIPCIÓN FÍSICA
Extensión 352 páginas ;
Dimensiones 22 cm.
336 ## - TIPO DE CONTENIDO
Fuente rdacontent
Término de tipo de contenido texto
Código de tipo de contenido txt
337 ## - TIPO DE MEDIO
Fuente rdamedia
Nombre/término del tipo de medio sin mediación
Código del tipo de medio n
338 ## - TIPO DE SOPORTE
Fuente rdacarrier
Nombre/término del tipo de soporte volumen
Código del tipo de soporte nc
500 ## - NOTA GENERAL
Nota general Decreto 2241 que sanciona el código de procedimiento civil de la República Dominicana el 17 de abril e 1884 siendo Ulises Heureaux presidente . actualizado por la comisión encargada, en 1984 por el Dr. Jottin Cury, quien la presidirá ; y los señores Dra. Margarita Tavares ; Dr. Rafael Luciano Pichardo ; Dr. Luis a. Bircann R. ; y Dra. Rosina de la Cruz de Alvarado.-
500 ## - NOTA GENERAL
Nota general Ampliado y actualizado con la ley 38-98.-
500 ## - NOTA GENERAL
Nota general La presente publicación es un facsímil de la tercera edición oficial de procedimiento civil, ampliado y actualizado con leyes complementarias y realizadas de acuerdo con las disposiciones de la ley no. 32-86 de derecho de autor.-
500 ## - NOTA GENERAL
Nota general Contiene índice alfabético, paginas 327-346.
500 ## - NOTA GENERAL
Nota general Contiene índice de materia.
501 ## - NOTA DE "CON"
Nota de “Con” Primera parte : Procedimiento por ante los tribunales.-
501 ## - NOTA DE "CON"
Nota de “Con” Segunda parte : Procedimientos diversos.
590 ## - NOTA LOCAL (RLIN)
Nota local Inventarido 2024 / MF
942 ## - ELEMENTOS DE PUNTO DE ACCESO ADICIONAL (KOHA)
Fuente del sistema de clasificación o colocación Dewey Decimal Classification
Tipo de ítem Koha Libro
Existencias
Estado de retiro Estado de pérdida Fuente del sistema de clasificación o colocación Restricciones de uso No para préstamo Localización permanente Ubicación/localización actual Fuente de adquisición Total de préstamos Signatura topográfica completa Fecha visto por última vez Precio válido a partir de Tipo de ítem Koha Nota pública
    Dewey Decimal Classification Excluido de préstamo Excluido de préstamo Patrimonio Dominicano Patrimonio Dominicano Donativo   xxx. P861c 26.10.2020 26.10.2020 Libro Donado por Sugey Aquino

Con tecnología Koha